Polarization observables in π0η photoproduction on the proton; Physical Review C; Vol. 83, № 1

Библиографические подробности
Источник:Physical Review C: covering nuclear physics.— , 1970-
Vol. 83, № 1.— 2011.— [015503, 15 p.]
Главный автор: Fiks (Fix) A. I. Alexander Ivanovich
Другие авторы: Arenhovel H.
Примечания:Title screen
For π0η photoproduction on the nucleon formal expressions are developed for the fivefold differential cross section and the recoil polarization including beam and target polarizations. The polarization observables are described by various beam, target, and beam-target asymmetries for polarized photons and/or polarized nucleons.
Язык:английский
Опубликовано: 2011
Предметы:
Online-ссылка:http://dx.doi.org/10.1103/PhysRevC.83.015503
Формат: Электронный ресурс Статья
Запись в KOHA:https://koha.lib.tpu.ru/cgi-bin/koha/opac-detail.pl?biblionumber=650044

MARC

LEADER 00000naa0a2200000 4500
001 650044
005 20250310141059.0
035 |a (RuTPU)RU\TPU\network\15226 
035 |a RU\TPU\network\13728 
090 |a 650044 
100 |a 20160906d2011 k||y0rusy50 ba 
101 0 |a eng 
102 |a US 
181 0 |a i  
182 0 |a b 
200 1 |a Polarization observables in π0η photoproduction on the proton  |f A. I. Fiks (Fix), H. Arenhovel 
203 |a Text  |c electronic 
300 |a Title screen 
320 |a [References: 24 tit.] 
330 |a For π0η photoproduction on the nucleon formal expressions are developed for the fivefold differential cross section and the recoil polarization including beam and target polarizations. The polarization observables are described by various beam, target, and beam-target asymmetries for polarized photons and/or polarized nucleons. 
461 |t Physical Review C  |o covering nuclear physics  |d 1970- 
463 |t Vol. 83, № 1  |v [015503, 15 p.]  |d 2011 
610 1 |a труды учёных ТПУ 
610 1 |a электронный ресурс 
700 1 |a Fiks (Fix)  |b A. I.  |c Physicist  |c Professor of Tomsk Polytechnic University, Doctor of Physical and Mathematical Sciences  |f 1968-  |g Alexander Ivanovich  |3 (RuTPU)RU\TPU\pers\33830  |9 17419 
701 1 |a Arenhovel  |b H. 
801 2 |a RU  |b 63413507  |c 20161028  |g RCR 
856 4 0 |u http://dx.doi.org/10.1103/PhysRevC.83.015503 
942 |c CF